000 01253nam a2200361 a 4500
999 _c4759
_d4759
001 016974745
003 UkOxU
005 20220329081147.0
008 010524s1996 xxua 000 u eng
020 _a0913723355
035 _a(CU)GLAD184845090
035 _a(UkLeU)b20797588
035 _a(CStRLIN)CUBGGLAD184845090-B
035 _a(UkLCURL)04b20797588
038 _aUkLCURL
040 _aDNLM
_cALUPE UNIVERSITY
_dHU-EWC
_dMiKW
_dCU
049 _lc
050 _aRA410.55
_b.K4 1996
245 0 0 _aHealth financing reform in Kenya :
_bthe fall and rise of cost sharing, 1989-94 /
_cDavid H. Collins ... [et al.]
260 _aBoston, MA :
_bManagement Sciences for Health,
_c1996.
300 _axviii, 128 p :
_bill ;
_c23 cm.
490 1 _aStubbs monograph series ;
_vno. 1
504 _aIncludes bibliographical references p. [119]-125.
650 0 _aMedical economics
_zKenya.
650 0 _aMedical care
_zKenya
_xFinance.
650 2 _aEconomics, medical
_zAfrica
_zKenya.
650 2 _aHealth care costs
_zAfrica
_zKenya.
700 1 _aCollins, David H.,
_cFCA.
710 2 _aManagement Sciences for Health (Firm)
830 0 _aStubbs monograph series ;
_vno. 1.
942 _2lcc
_cBK
_nJO